|
|
|
|
| LEADER |
05265nam a22003973i 4500 |
| 001 |
EBC6734002 |
| 003 |
MiAaPQ |
| 005 |
20231204023218.0 |
| 006 |
m o d | |
| 007 |
cr cnu|||||||| |
| 008 |
231204s2020 xx o ||||0 fre d |
| 020 |
|
|
|a 9782759232628
|q (electronic bk.)
|
| 035 |
|
|
|a (MiAaPQ)EBC6734002
|
| 035 |
|
|
|a (Au-PeEL)EBL6734002
|
| 035 |
|
|
|a (OCoLC)1235843454
|
| 040 |
|
|
|a MiAaPQ
|b eng
|e rda
|e pn
|c MiAaPQ
|d MiAaPQ
|
| 100 |
1 |
|
|a Dubos, Bernard.
|
| 245 |
1 |
0 |
|a Piloter la Fertilisation du Palmier à Huile.
|
| 264 |
|
1 |
|a Versailles :
|b Quae,
|c 2020.
|
| 264 |
|
4 |
|c {copy}2023.
|
| 300 |
|
|
|a 1 online resource (91 pages)
|
| 336 |
|
|
|a text
|b txt
|2 rdacontent
|
| 337 |
|
|
|a computer
|b c
|2 rdamedia
|
| 338 |
|
|
|a online resource
|b cr
|2 rdacarrier
|
| 490 |
1 |
|
|a Savoir Faire Series
|
| 505 |
0 |
|
|a Intro -- Sommaire -- Remerciements -- Introduction : cadre et objectif de ce guide -- 1. Comprendre la nutrition minérale du palmier à huile et le diagnostic des besoins nutritionnels -- Pourquoi fertiliser les plantations de palmier à huile ? -- Peut-on se baser sur des symptômes de déficience pour préconiser les apports d'engrais ? -- Déficience en azote (N) -- Déficience en potassium (K) -- Déficience en magnésium (Mg) -- Déficience en bore (B) -- Déficience en cuivre (Cu) -- Déficience en manganèse (Mn) -- Autres éléments -- Conclusion -- Analyser des échantillons foliaires pour établir un diagnostic -- Connaître la variabilité des teneurs foliaires en éléments minéraux -- Azote (N) -- Phosphore (P) -- Potassium (K) -- Calcium (Ca) -- Magnésium (Mg) -- Chlore (Cl) -- Soufre (S) -- Oligo-éléments : bore, cuivre, fer, manganèse -- Interpréter les teneurs foliaires en tenant compte des caractéristiques propres à la plantation -- 2. Échantillonner la plantation pour le suivi continu de la nutrition minérale -- Découper la plantation en plusieurs unités de fertilisation -- Prévoir le calendrier des prélèvements foliaires -- Choisir les palmiers pour l'échantillon foliaire de référence au sein de l'unité de fertilisation -- Restreindre l'échantillonnage de référence à une partie homogène de l'unité de fertilisation -- Illustration des choix d'unités entre faciès non majoritaires -- Quand, et sur quels critères, sélectionner les palmiers qui serviront aux prélèvements des échantillons ? -- Recourir à des échantillons foliaires spécifiques pour contrôler certaines zones de l'unité de fertilisation -- 3. Adapter l'outil d'aide à la décision aux conditions locales : prendre en compte les spécificités de chaque site -- Principes des essais de fertilisation -- Choix des traitements et des dispositifs -- Mettre en place un essai homogène.
|
| 505 |
8 |
|
|a Agréger les données et déterminer les teneurs optimales locales -- Précision expérimentale -- Construire la table de fertilisation à partir des résultats expérimentaux -- Déterminer la plage des teneurs optimales pour un élément -- Construire une table de fertilisation à partir de la plage des teneurs optimales -- Exploiter les conclusions de l'approche expérimentale -- Apprendre davantage des résultats des essais -- 4. Extrapolation de l'application des tables de fertilisation issues des essais -- Analyser le comportement de la plantation à l'échelle des unités de fertilisation -- Quelles informations tirer des analyses de sol ? -- Tenir compte des teneurs du sol en calcium lorsqu'on utilise du KCl -- Comment détecter les perturbations dues à des propriétés des sols ? -- Associer une analyse de référence du sol à chaque échantillon foliaire -- Construire un système d'information géographique (SIG) -- Mettre en place des tests de réactivité -- 5. Adopter des pratiques de fertilisation durables : perspectives et recommandations -- Préserver la santé des sols -- Se soucier de la fertilité chimique des sols -- Évaluer les réserves des sols -- Améliorer l'efficience de la fertilisation -- Réduire les pertes en éléments minéraux par différentes pratiques culturales -- Améliorer les propriétés physico-chimiques des sols -- Élaborer un outil de fertilisation précis et respectueux de l'environnement -- Précision des recommandations et des tables de fertilisation -- Précision spatiale de l'échantillonnage foliaire et de l'apport d'engrais -- Conclusion : des outils génériques pour optimiser la fertilisation de chaque plantation -- Bibliographie.
|
| 588 |
|
|
|a Description based on publisher supplied metadata and other sources.
|
| 590 |
|
|
|a Electronic reproduction. Ann Arbor, Michigan : ProQuest Ebook Central, 2023. Available via World Wide Web. Access may be limited to ProQuest Ebook Central affiliated libraries.
|
| 655 |
|
4 |
|a Electronic books.
|
| 700 |
1 |
|
|a Bonneau, Xavier.
|
| 700 |
1 |
|
|a Flori, Albert.
|
| 776 |
0 |
8 |
|i Print version:
|a Dubos, Bernard
|t Piloter la Fertilisation du Palmier à Huile
|d Versailles : Quae,c2020
|
| 797 |
2 |
|
|a ProQuest (Firm)
|
| 830 |
|
0 |
|a Savoir Faire Series
|
| 856 |
4 |
0 |
|u https://ebookcentral.proquest.com/lib/matrademy/detail.action?docID=6734002
|z Click to View
|